00680nam a22002297a 4500003000500000005001700005008004100022010000900063011000900072035000900081040000900090082001500099100001900114245008300133260004000216300001900256500001200275650002600287650002900313700001900342711008900361CHAP20220329133158.0971013s1991 r 00010 d a3047 a4019 a3220 cCHAP a631.7bP4700aPerrier, E. R. aSupplemental irrigation in the Near East and north Africab: proceedings of... aDordrecht :bKluwer Academic,c1991 a611 p.b: ilus aD48-10414aIrrigaciónxAfrica.14aIrrigaciónxCongresos.0 aSalkini, A. B.0 aWorkshop on Regional Consultation on Supplementary Irrigation (1987: Rabat, Morucco)